01005cam a2200265 450000100060000000300080000600500170001400800390003102000150007002000150008502000200010003500190012004000270013904100080016608200210017410000380019524500590023325000160029226000810030830000350038950400510042450502140047565000270068965000230071610743BD-RjUL20211208235016.0140125s1973 ne a b 001 0 eng a0720402816 a0444105611 a0720402824(V-2) a(BD-RjUL)10792 aDLCcDLCdBD-RjULbeng aeng00a548.81bKRC 19731 aKröger, F. A.q(Ferdinand Anne)14aThe chemistry of imperfect crystals /cF. A. Kröger. a2d rev. ed. aAmsterdam :bNorth-Holland Pub. Co.,aNew York :bAmerican Elsevier,cc1973. axiii, 313 p. :c23 cm.bill. ; aIncludes bibliographical references and index.0 av. 1. Preparation, purification, crystal growth and phase theory.--v. 2. Imperfection chemistry of crystalline solids.--v. 3. Applications of imperfection chemistry; solid state reactions and electrochemistry. 0aSolid state chemistry. 0aCrystalsxDefects.